Livestock ownership in India (Record no. 16552)
[ view plain ]
| 000 -LEADER | |
|---|---|
| fixed length control field | 00488nam a2200157Ia 4500 |
| 082 ## - DEWEY DECIMAL CLASSIFICATION NUMBER | |
| Classification number | 636.084 ind-; |
| 245 #0 - TITLE STATEMENT | |
| Title | Livestock ownership in India |
| 260 ## - PUBLICATION, DISTRIBUTION, ETC. (IMPRINT) | |
| Place of publication | New Delhi |
| Name of publisher | the author |
| Year of publication | 2016 |
| 300 ## - PHYSICAL DESCRIPTION | |
| Number of Pages | v. p |
| 440 ## - SERIES STATEMENT/ADDED ENTRY--TITLE | |
| Title | NSS report no; 572(70/18.1/2) |
| 500 ## - GENERAL NOTE | |
| General note | contents: NSS 70th Round (January - December 2013 |
| 650 ## - SUBJECT ADDED ENTRY--TOPICAL TERM | |
| Topical Term | livestock |
| 650 ## - SUBJECT ADDED ENTRY--TOPICAL TERM | |
| Topical Term | self-employed |
| 710 ## - ADDED ENTRY--CORPORATE NAME | |
| Corporate name or jurisdiction name as entry element | India. Ministry of Statistics and Programme Implementation. National Sample Survey Office |
| 942 ## - ADDED ENTRY ELEMENTS (KOHA) | |
| Koha item type | Books |
| Withdrawn status | Lost status | Damaged status | Not for loan | Collection code | Home library | Current library | Date acquired | Source of acquisition | Bill Date | Full call number | Accession Number | Price effective from | Koha item type |
|---|---|---|---|---|---|---|---|---|---|---|---|---|---|
| Series | NASSDOC Library | NASSDOC Library | 10/08/2016 | Gifted by : the author | 2005-03-16 | 636.084 ind-; | S000230 | 18/04/2019 | Books |
